[Event "CZE-ch FIDE Open 2020"]
[Site "Kouty nad Desnou"]
[Date "2020.03.10"]
[Round "5.3"]
[White "Pycha, Patrik"]
[Black "Glozar, Petr"]
[Result "0-1"]
[WhiteElo "2024"]
[BlackElo "1918"]
[Annotator "ChessBase"]
[PlyCount "92"]
[EventDate "2020.03.07"]
[EventCountry "CZE"]
[SourceTitle "playchess.com"]
[Source "ChessBase"]
[SourceQuality "1"]
[TimeControl "5400+30"]

1. e4 {[%emt 0:00:00]} c6 {[%emt 0:00:00]} 2. d4 {[%emt 0:00:00]} d5 {[%emt 0:00:00]} 3. e5 {[%emt 0:00:00]} Bf5 {[%emt 0:00:00]} 4. h4 {[%emt 0:00:00]} h6 {[%emt 0:01:52]} 5. g4 {[%emt 0:00:00]} Bh7 {[%emt 0:01:25]} 6. e6 {[%emt 0:00:19]} fxe6 {[%emt 0:10:45]} 7. Bd3 {[%emt 0:01:56]} Nf6 {[%emt 0:07:21]} 8. Bxh7 {[%emt 0:01:15]} Nxh7 {[%emt 0:00:46]} 9. Qd3 {[%emt 0:01:18]} Qd6 {[%emt 0:01:51]} 10. f4 {[%emt 0:05:00]} Nd7 {[%emt 0:02:07]} 11. Qg6+ {[%emt 0:01:42]} Kd8 {[%emt 0:00:06]} 12. Nf3 {[%emt 0:01:06]} e5 {[%emt 0:03:11]} 13. Qxd6 {[%emt 0:23:24]} exd6 {[%emt 0:00:06]} 14. fxe5 {[%emt 0:00:33]} dxe5 {[%emt 0:00:14]} 15. Nxe5 {[%emt 0:02:03]} Nxe5 {[%emt 0:03:09]} 16. dxe5 {[%emt 0:00:05]} Bc5 {[%emt 0:01:19]} 17. Nc3 {[%emt 0:01:13]} Re8 {[%emt 0:08:30]} 18. Bf4 {[%emt 0:00:52]} Bd6 {[%emt 0:05:15]} 19. O-O {[%emt 0:06:26]} Bxe5 {[%emt 0:02:13]} 20. Rad1 {[%emt 0:00:42]} Bxc3 {[%emt 0:10:02]} 21. bxc3 {[%emt 0:00:07]} Re4 {[%emt 0:00:50]} 22. Rd4 {[%emt 0:00:55]} Rxd4 {[%emt 0:05:47]} 23. cxd4 {[%emt 0:00:05]} Ke7 {[%emt 0:00:19]} 24. Be5 {[%emt 0:02:08]} Rg8 {[%emt 0:09:02]} 25. Rb1 {[%emt 0:00:57]} b6 {[%emt 0:01:02]} 26. Re1 {[%emt 0:01:27]} Nf6 {[%emt 0:08:29]} 27. g5 {[%emt 0:08:59]} hxg5 {[%emt 0:01:23]} 28. hxg5 {[%emt 0:00:02]} Ne4 {[%emt 0:01:17]} 29. g6 {[%emt 0:00:32]} Rf8 {[%emt 0:02:11]} 30. c4 {[%emt 0:01:09]} Rf5 {[%emt 0:01:35]} 31. cxd5 {[%emt 0:00:13]} cxd5 {[%emt 0:00:33]} 32. Rc1 {[%emt 0:00:15]} Rg5+ {[%emt 0:01:11]} 33. Kh2 {[%emt 0:00:50]} Rxg6 {[%emt 0:01:51]} 34. Rc7+ {[%emt 0:00:05]} Ke6 {[%emt 0:00:55]} 35. Bxg7 {[%emt 0:02:30]} a6 {[%emt 0:01:57]} 36. Be5 {[%emt 0:00:31]} Nd2 {[%emt 0:02:07]} 37. Rc3 {[%emt 0:01:49]} Kf5 {[%emt 0:00:54]} 38. Rh3 {[%emt 0:02:26]} Ke4 {[%emt 0:01:33]} 39. Rh4+ {[%emt 0:00:40]} Kd3 {[%emt 0:00:29]} 40. Rh3+ {[%emt 0:00:39]} Ke2 {[%emt 0:01:12]} 41. Kh1 {[%emt 0:01:46]} Ne4 {[%emt 0:01:29]} 42. Rh8 {[%emt 0:00:57]} Nf2+ {[%emt 0:01:29]} 43. Kh2 {[%emt 0:00:07]} Ng4+ {[%emt 0:00:21]} 44. Kh3 {[%emt 0:00:22]} Nxe5 {[%emt 0:00:23]} 45. Re8 {[%emt 0:01:31]} Kf3 {[%emt 0:00:26]} 46. Rf8+ {[%emt 0:00:45]} Nf7 {[%emt 0:00:45]} 0-1

[Event "CZE-ch FIDE Open 2020"]
[Site "Kouty nad Desnou"]
[Date "2020.03.10"]
[Round "5.4"]
[White "Brazdil, Roman"]
[Black "Tuma, Jan"]
[Result "0-1"]
[WhiteElo "2116"]
[BlackElo "1993"]
[Annotator "TA"]
[PlyCount "76"]
[EventDate "2020.03.07"]
[EventCountry "CZE"]
[SourceTitle "playchess.com"]
[Source "ChessBase"]
[SourceQuality "1"]

{[%evp 27,76,25,16,16,24,30,24,29,45,-14,-20,-52,-70,-91,-84,-91,-85,-91,-88,-118,-121,-114,-91,-154,-122,-109,-118,-113,-73,-55,-60,-131,-126,-138,-138,-148,-142,-164,-135,-177,-123,-204,-158,-279,-227,-727,-222,-974,-966,-29998,-29999]} 1. e4 c5 2. Nf3 Nc6 3. d4 cxd4 4. Nxd4 Nf6 5. Nc3 e5 6. Ndb5 d6 7. Bg5 a6 8. Bxf6 gxf6 9. Na3 b5 10. Nd5 f5 11. Bd3 Be6 12. O-O Bxd5 13. exd5 Ne7 14. c4 Bg7 {Black wants to play ...e4.} 15. Rb1 {B33: Sicilian: Pelikan and Sveshnikov Variations.} e4 16. Be2 O-O 17. cxb5 {White has an edge.} axb5 {[#]} 18. Nxb5 $146 ({White should try} 18. Bxb5 $14 Ng6 19. Qb3) ({Predecessor:} 18. Bxb5 Bxb2 19. Nc4 Bg7 20. a4 Ng6 21. Qh5 Qf6 22. Ne3 f4 23. Nf5 Ne7 24. Bd7 {½-½ (33) Areshchenko,A (2660)-Shirov,A (2699) Sochi 2006}) 18... Rxa2 $11 19. Nd4 Qb6 $36 {[%mdl 2048] Black is more active.} 20. Bc4 Rxb2 21. Rxb2 Qxb2 22. Nc6 Ng6 23. Qh5 Qf6 24. g3 Kh8 25. Kh1 ({Better is} 25. Be2) 25... Qc3 26. Qe2 Re8 27. f3 Ne5 28. Nxe5 Rxe5 29. f4 (29. Qa2 $15 Bf6 30. fxe4) 29... Re7 30. Qa2 {Intending Qa8+ and mate.} Bd4 31. Be2 Rc7 32. Qa8+ Rc8 33. Qa6 Qc5 (33... Kg7 $19 34. Rd1 Rc7) 34. g4 (34. Qa4 $17) 34... fxg4 {...f5 is the strong threat.} 35. Bxg4 (35. Rd1 $17 Rb8 36. Qa4) 35... Rg8 $19 36. Be2 $2 (36. Qe2) 36... Qxd5 $2 (36... Qc3 37. Qa4 f6) 37. Bc4 $2 {[#]} (37. Qc4 Qxc4 38. Bxc4) 37... Qh5 $1 {[%cal Rh5f3] ( -> ...Qf3+!)} 38. Qa2 {[#]} Qf3+ $1 {[%mdl 576] Back Rank. Accuracy: White = 35%, Black = 68%.} 0-1

[Event "CZE-ch FIDE Open 2020"]
[Site "Kouty nad Desnou"]
[Date "2020.03.10"]
[Round "5.5"]
[White "Kubicek, Antonin"]
[Black "Novotny, David"]
[Result "1-0"]
[WhiteElo "2113"]
[BlackElo "1910"]
[Annotator "TA"]
[PlyCount "105"]
[EventDate "2020.03.07"]
[EventCountry "CZE"]
[SourceTitle "playchess.com"]
[Source "ChessBase"]
[SourceQuality "1"]

{[%evp 20,105,-6,-22,-7,-16,0,0,0,-23,177,89,175,193,179,172,164,175,468,464,453,453,456,468,463,466,443,436,457,402,401,403,406,406,403,387,412,406,458,405,390,370,373,378,358,348,334,320,436,429,631,589,596,576,577,573,629,622,615,617,768,736,610,585,2497,2333,2000,1690,1341,886,6075,6075,6219,5210,5210,5210,6119,5509,6390,5601,29972,29973,29981,29982,29982,29980,29985,29986]} 1. c4 e5 2. Nc3 Nf6 3. Nf3 Nc6 4. g3 d5 5. cxd5 Nxd5 6. d3 Be6 7. Bg2 Be7 8. O-O O-O 9. Bd2 Qd7 10. a3 f6 11. Rc1 Nxc3 {A29: English Opening: Four Knights Variation with 4 g3.} 12. Bxc3 Rfd8 13. Qc2 {[#]} Bf8 $146 {The position is equal.} ({Predecessor:} 13... Rac8 14. Nd2 Bd5 15. Nc4 Bxg2 16. Kxg2 Nd4 17. Bxd4 Qxd4 18. Ne3 Kf8 19. Qb3 b6 {½-½ (40) Ostojic,S (2071)-Markovic,N Belgrade 2006}) 14. b4 Bh3 $2 (14... a5 $11) 15. b5 ({Better is} 15. Bxh3 $18 Qxh3 16. b5) 15... Ne7 (15... Bxg2 $16 {might work better.} 16. bxc6 (16. Kxg2 Ne7 $11) 16... Qh3) 16. Bxh3 $18 Qxh3 {[#]} 17. Qb3+ $1 Kh8 {[#]} 18. Bxe5 $1 {[%mdl 576] Discovered Attack, Deflection} fxe5 $2 (18... c6 {is a better defense.} 19. bxc6 bxc6) 19. Ng5 {Threatening mate with Nf7+!} Qd7 {Strongly threatening ...Nd5.} 20. Nf7+ Kg8 {Threatens to win with ...Qd5.} 21. Nxd8+ {[%mdl 64] Discovered Attack} Qd5 22. Qxd5+ Nxd5 23. Nxb7 Bxa3 24. Ra1 Bb2 25. Ra2 Bd4 26. e3 Bb6 27. Rc2 Rb8 28. Nc5 Ba5 29. Nd7 Rxb5 30. Rc5 Rxc5 31. Nxc5 {[%mdl 4096] Endgame KRN-KBN} Kf7 32. Rc1 Ke7 33. Kg2 Bb4 34. Na6 Bd2 (34... c5 $142 35. Nxc5 a5) 35. Rc2 Bxe3 36. Nxc7 Nb4 37. Rc4 ({Weaker is} 37. fxe3 Nxc2 38. Kf2 a5 $15) 37... Bd2 {[#]} 38. Rxb4 $1 {[%mdl 576] Remove Defender, Decoy} Bxb4 {KB-KN} 39. Nd5+ {[%mdl 64] Double Attack} Kd6 40. Nxb4 {KN-KP} Kc5 41. Nc2 Kb5 42. Kf3 Ka4 43. Ke3 Kb3 44. Kd2 a5 45. d4 exd4 46. Nxd4+ {KN-K3P} Kc4 47. Nc2 a4 48. f4 h5 49. h3 g6 50. g4 {White mates.} hxg4 51. hxg4 a3 52. g5 Kc5 53. f5 {[%mdl 64] Promotion. Black did not feel at home in the position after the opening. Accuracy: White = 86%, Black = 41%.} 1-0

[Event "CZE-ch FIDE Open 2020"]
[Site "Kouty nad Desnou"]
[Date "2020.03.10"]
[Round "5.6"]
[White "Dejmal, Ondrej"]
[Black "Broz, Petr"]
[Result "1/2-1/2"]
[WhiteElo "1757"]
[BlackElo "1976"]
[Annotator "ChessBase"]
[PlyCount "113"]
[EventDate "2020.03.07"]
[EventCountry "CZE"]
[SourceTitle "playchess.com"]
[Source "ChessBase"]
[SourceQuality "1"]
[TimeControl "5400+30"]

1. e4 {[%emt 0:00:00]} e5 {[%emt 0:01:49]} 2. Nc3 {[%emt 0:03:22]} Bc5 {[%emt 0:02:04]} 3. Nf3 {[%emt 0:07:05]} d6 {[%emt 0:01:34]} 4. d4 {[%emt 0:05:41]} exd4 {[%emt 0:00:48]} 5. Nxd4 {[%emt 0:00:02]} Nc6 {[%emt 0:01:36]} 6. Be3 {[%emt 0:02:30]} Nxd4 {[%emt 0:00:58]} 7. Bxd4 {[%emt 0:00:05]} Bxd4 {[%emt 0:00:05]} 8. Qxd4 {[%emt 0:00:02]} Qf6 {[%emt 0:00:07]} 9. O-O-O {[%emt 0:02:57]} Qxd4 {[%emt 0:04:20]} 10. Rxd4 {[%emt 0:00:01]} Be6 {[%emt 0:00:09]} 11. Nb5 {[%emt 0:03:15]} Kd7 {[%emt 0:02:07]} 12. e5 {[%emt 0:07:31]} d5 {[%emt 0:00:20]} 13. f4 {[%emt 0:12:48]} Ne7 {[%emt 0:07:49]} 14. Rd2 {[%emt 0:05:50]} h5 {[%emt 0:05:20]} 15. c4 {[%emt 0:03:08]} c6 {[%emt 0:01:38]} 16. Nc3 {[%emt 0:03:38]} Kc7 {[%emt 0:00:16]} 17. cxd5 {[%emt 0:06:29]} Nxd5 {[%emt 0:00:34]} 18. Nxd5+ {[%emt 0:00:15]} Bxd5 {[%emt 0:00:03]} 19. Kc2 {[%emt 0:03:19]} Rad8 {[%emt 0:01:32]} 20. Bd3 {[%emt 0:02:46]} a5 {[%emt 0:10:48]} 21. a4 {[%emt 0:04:54]} Rd7 {[%emt 0:00:51]} 22. Rhd1 {[%emt 0:03:52]} Rhd8 {[%emt 0:00:26]} 23. Kc3 {[%emt 0:00:53]} g6 {[%emt 0:04:28]} 24. g3 {[%emt 0:01:53]} Bf3 {[%emt 0:01:13]} 25. Re1 {[%emt 0:01:51]} Bg4 {[%emt 0:00:35]} 26. Re3 {[%emt 0:04:11]} Rd5 {[%emt 0:02:29]} 27. b3 {[%emt 0:02:52]} Rc5+ {[%emt 0:01:26]} 28. Bc4 {[%emt 0:03:06]} Rdd5 {[%emt 0:16:54]} 29. Rxd5 {[%emt 0:09:31]} cxd5 {[%emt 0:00:06]} 30. Kd4 {[%emt 0:00:11]} Kc6 {[%emt 0:00:06]} 31. Bb5+ {[%emt 0:00:21]} Kb6 {[%emt 0:00:06]} 32. Be8 {[%emt 0:00:37]} Be6 {[%emt 0:00:11]} 33. Re2 {[%emt 0:00:59]} Rc1 {[%emt 0:02:15]} 34. h3 {[%emt 0:00:32]} Rc8 {[%emt 0:00:35]} 35. Bb5 {[%emt 0:00:27]} Bxh3 {[%emt 0:00:17]} 36. Kxd5 {[%emt 0:00:33]} Bf1 {[%emt 0:01:26]} 37. Re1 {[%emt 0:00:24]} Rd8+ {[%emt 0:00:07]} 38. Ke4 {[%emt 0:00:13]} Bxb5 {[%emt 0:00:08]} 39. axb5 {[%emt 0:00:14]} Kxb5 {[%emt 0:01:00]} 40. f5 {[%emt 0:00:34]} gxf5+ {[%emt 0:01:07]} 41. Kxf5 {[%emt 0:00:02]} Rd7 {[%emt 0:00:16]} 42. Re3 {[%emt 0:01:27]} Kc5 {[%emt 0:00:47]} 43. Kg5 {[%emt 0:00:32]} Kd4 {[%emt 0:00:07]} 44. Re1 {[%emt 0:00:18]} Re7 {[%emt 0:00:30]} 45. Rd1+ {[%emt 0:00:33]} Kxe5 {[%emt 0:03:20]} 46. Kxh5 {[%emt 0:00:10]} Rc7 {[%emt 0:04:02]} 47. Rb1 {[%emt 0:00:59]} Rc3 {[%emt 0:01:24]} 48. g4 {[%emt 0:00:29]} Rh3+ {[%emt 0:01:05]} 49. Kg5 {[%emt 0:00:30]} f6+ {[%emt 0:00:08]} 50. Kg6 {[%emt 0:00:00]} Rg3 {[%emt 0:00:37]} 51. Re1+ {[%emt 0:00:00]} Kd4 {[%emt 0:01:51]} 52. Ra1 {[%emt 0:00:35]} b6 {[%emt 0:00:37]} 53. Kxf6 {[%emt 0:00:59]} Kc3 {[%emt 0:00:43]} 54. g5 {[%emt 0:00:44]} Kb2 {[%emt 0:00:17]} 55. Rf1 {[%emt 0:00:41]} Kc3 {[%emt 0:03:17]} 56. g6 {[%emt 0:00:20]} b5 {[%emt 0:00:05]} 57. Rf5 {[%emt 0:00:32]} 1/2-1/2

[Event "CZE-ch FIDE Open 2020"]
[Site "Kouty nad Desnou"]
[Date "2020.03.10"]
[Round "5.7"]
[White "Ptacek, Jan"]
[Black "Sochorova, Petra"]
[Result "1/2-1/2"]
[WhiteElo "1911"]
[BlackElo "2119"]
[Annotator "TA"]
[PlyCount "76"]
[EventDate "2020.03.07"]
[EventCountry "CZE"]
[SourceTitle "playchess.com"]
[Source "ChessBase"]
[SourceQuality "1"]

{[%evp 23,76,51,47,43,74,57,55,20,19,0,17,0,0,7,0,0,0,0,20,21,28,0,0,-25,0,0,0,0,0,0,0,-18,-26,-39,-5,-8,0,0,0,0,0,0,0,0,0,0,0,0,0,0,0,0,0,0,0]} 1. e4 e6 2. d4 d5 3. Nd2 Nf6 4. e5 Nfd7 5. Bd3 c5 6. c3 Nc6 7. Ne2 cxd4 8. cxd4 f6 9. exf6 Qxf6 10. Nf3 h6 11. O-O Bd6 12. Ng3 O-O 13. Bc2 {Qd3 is the strong threat. C06: French Tarrasch: 3...Nf6 4 e5 Nfd7 5 Bd3 main lines.} Rd8 14. Re1 Nf8 15. a3 {White is slightly better.} Bd7 16. Be3 Be8 {[#]} 17. h3 $146 ({Predecessor:} 17. b4 a6 18. Bb3 Rac8 19. Rc1 Bb8 20. Qd2 Bg6 21. Bc2 Na7 22. Bxg6 Nxg6 23. Rxc8 Nxc8 {0-1 (62) Saveliev,A (2126)-Usmanov,V (2336) St Petersburg 2012}) 17... Rac8 18. Nh2 Qh4 19. Nf3 Qf6 20. Nh2 Ne7 21. Rc1 Bg6 22. Bxg6 (22. Ng4 $5 {[%cal Rg4f6]} Qh4 23. Ne2 $11) 22... Qxg6 23. Qf3 (23. Ne2 {keeps more tension.} Rxc1 24. Bxc1 Bxh2+ 25. Kxh2 Qf7 26. Nf4) 23... Bxg3 (23... Rxc1 {is more complex.} 24. Rxc1 Rc8 25. Rxc8 Nxc8 26. Nhf1 Nb6) 24. Qxg3 Qxg3 25. fxg3 Nf5 26. Bf2 Nd6 27. b3 Ne4 28. Nf3 Nd7 29. g4 {The position is equal.} Rf8 30. Be3 Kh7 31. Nd2 Ndf6 32. Nxe4 Nxe4 33. Rxc8 Rxc8 34. Rc1 $1 {[%cal Rc1c8]} Rxc1+ 35. Bxc1 $11 {KB-KN} Kg6 36. Kf1 Kf6 37. Bf4 a6 38. Ke2 Nc3+ {Accuracy: White = 86%, Black = 87%.} 1/2-1/2

[Event "CZE-ch FIDE Open 2020"]
[Site "Kouty nad Desnou"]
[Date "2020.03.10"]
[Round "5.8"]
[White "Lukas, Frantisek"]
[Black "Zdechovsky, Tobias"]
[Result "1/2-1/2"]
[WhiteElo "1852"]
[BlackElo "1922"]
[Annotator "ChessBase"]
[PlyCount "66"]
[EventDate "2020.03.07"]
[EventCountry "CZE"]
[SourceTitle "playchess.com"]
[Source "ChessBase"]
[SourceQuality "1"]
[TimeControl "5400+30"]

1. d4 {[%emt 0:00:00]} Nf6 {[%emt 0:00:00]} 2. c4 {[%emt 0:00:00]} c5 {[%emt 0:00:00]} 3. d5 {[%emt 0:00:00]} b5 {[%emt 0:00:00]} 4. cxb5 {[%emt 0:00:00]} a6 {[%emt 0:00:00]} 5. bxa6 {[%emt 0:00:00]} Bxa6 {[%emt 0:00:00]} 6. Nc3 {[%emt 0:00:54]} d6 {[%emt 0:00:10]} 7. e4 {[%emt 0:01:49]} Bxf1 {[%emt 0:00:07]} 8. Kxf1 {[%emt 0:00:05]} g6 {[%emt 0:00:14]} 9. g3 {[%emt 0:00:17]} Bg7 {[%emt 0:00:08]} 10. Kg2 {[%emt 0:00:06]} O-O {[%emt 0:00:11]} 11. Nf3 {[%emt 0:00:04]} Nbd7 {[%emt 0:02:19]} 12. Re1 {[%emt 0:01:21]} Ng4 {[%emt 0:09:10]} 13. Qe2 {[%emt 0:00:19]} Qa5 {[%emt 0:02:40]} 14. h3 {[%emt 0:04:54]} Nge5 {[%emt 0:01:24]} 15. Nxe5 {[%emt 0:06:44]} Nxe5 {[%emt 0:02:01]} 16. f4 {[%emt 0:04:34]} Nd7 {[%emt 0:00:07]} 17. Bd2 {[%emt 0:02:38]} Rfb8 {[%emt 0:02:35]} 18. Reb1 {[%emt 0:07:20]} Nb6 {[%emt 0:05:28]} 19. Nd1 {[%emt 0:03:45]} Qa6 {[%emt 0:00:13]} 20. Qxa6 {[%emt 0:13:33]} Rxa6 {[%emt 0:00:11]} 21. Bc3 {[%emt 0:05:06]} Nc4 {[%emt 0:02:21]} 22. Bxg7 {[%emt 0:08:35]} Kxg7 {[%emt 0:00:15]} 23. Rc1 {[%emt 0:02:18]} Nd2 {[%emt 0:05:47]} 24. e5 {[%emt 0:03:51]} Rba8 {[%emt 0:02:28]} 25. Rc3 {[%emt 0:08:00]} Rxa2 {[%emt 0:02:16]} 26. Rxa2 {[%emt 0:00:29]} Rxa2 {[%emt 0:00:14]} 27. exd6 {[%emt 0:01:44]} exd6 {[%emt 0:00:46]} 28. Rd3 {[%emt 0:03:11]} Nc4 {[%emt 0:02:01]} 29. Rc3 {[%emt 0:02:01]} Nb6 {[%emt 0:02:14]} 30. Rb3 {[%emt 0:01:51]} Nxd5 {[%emt 0:06:47]} 31. Rd3 {[%emt 0:00:19]} Nb6 {[%emt 0:02:11]} 32. Rxd6 {[%emt 0:00:47]} Nc4 {[%emt 0:04:12]} 33. Rd3 {[%emt 0:01:40]} Ra5 {[%emt 0:01:29]} 1/2-1/2

[Event "CZE-ch FIDE Open 2020"]
[Site "Kouty nad Desnou"]
[Date "2020.03.10"]
[Round "5.9"]
[White "Kucera, Tomas"]
[Black "Kosut, Tomas"]
[Result "1-0"]
[WhiteElo "1985"]
[BlackElo "1878"]
[Annotator "TA"]
[PlyCount "65"]
[EventDate "2020.03.07"]
[EventCountry "CZE"]
[SourceTitle "playchess.com"]
[Source "ChessBase"]
[SourceQuality "1"]

{[%evp 18,65,21,10,14,15,22,19,5,-13,0,-10,-5,-60,0,0,0,0,0,4,64,0,265,246,239,227,660,653,591,622,535,438,428,191,206,0,0,0,445,479,472,477,451,466,1464,1450,1420,1311,2027,1899]} 1. c4 g6 2. Nc3 Bg7 3. g3 Nf6 4. Bg2 O-O 5. e4 d6 6. Nge2 c5 7. O-O Nc6 8. d3 Bd7 9. h3 a6 10. Be3 e5 {A36: Symmetrical English vs ...g6: 4 Bg2 Bg7.} 11. f4 Nd4 12. fxe5 (12. f5 {seems wilder.} b5 13. Bg5 h6 14. Bxf6 Bxf6 15. Nd5) 12... dxe5 {[#] The position is equal.} 13. Bg5 $146 {Hoping for Nxd4.} ({Predecessor:} 13. g4 Ne8 14. Ng3 Nd6 15. Qd2 Be6 16. Rf2 b5 17. b3 Ra7 18. Raf1 Rd7 19. Bh6 {0-1 (78) Stojanovic,A (2337)-Fuchs,J (2237) Zuerich 2010}) 13... h6 14. Bxf6 Bxf6 15. Nxd4 ({White should play} 15. Nd5 $11 Bg7 16. Nxd4 cxd4 17. Qd2) 15... cxd4 (15... exd4 $15 16. Nd5 Be5) 16. Nd5 $11 Bg7 17. b4 h5 18. a4 h4 (18... a5 $11) 19. g4 (19. Qe1 $1 $14) 19... f5 $2 {[%mdl 8192] [#]} (19... a5 $11 {and Black has nothing to worry.}) 20. exf5 $1 $18 {[%mdl 64] Overworked Piece} gxf5 21. gxf5 Bxf5 $2 (21... Rxf5 22. Rxf5 Bxf5) 22. Qh5 Bh7 23. Rxf8+ Qxf8 24. Rf1 Qd6 25. Rf7 ({Not} 25. Be4 Bxe4 26. dxe4 Rf8 $14) (25. c5 $142 Qh6 26. Qxh6 {[%mdl 64] Overworked Piece} Bxh6 27. Nf6+ {[%mdl 64] Discovered Attack} Kg7 28. Nxh7 Kxh7 29. Bxb7 Rg8+ 30. Kf2) 25... Bg6 26. Rxg7+ $2 $40 {[%mdl 128] Black needs to defend precisely.} (26. Rf6 $1 $18 Bxh5 27. Rxd6) 26... Kxg7 $11 27. Qg5 {Black must now prevent c5.} Kf7 $2 {[%mdl 8192] [#]} (27... e4 $11 {and Black stays safe.} 28. dxe4 Re8) 28. c5 $1 $18 {[%cal Rc5d6] White is clearly winning.} Qd8 29. Qxe5 Bxd3 30. Nc7 {Threatens to win with Bd5+.} Rc8 (30... Bc4 $142 31. Nxa8 Qxa8 32. Qxd4 Be6 33. Qxh4 Qg8 34. Qf4+ Ke7 35. Qc7+ Kf6 36. Qxb7 Qd8) 31. Bd5+ Kg6 {[#]} 32. Ne6 $1 {[%mdl 576] White wants to mate with Nf4+. Double Attack} Qf6 33. Nf4+ {Accuracy: White = 74%, Black = 39%.} 1-0

[Event "CZE-ch FIDE Open 2020"]
[Site "Kouty nad Desnou"]
[Date "2020.03.10"]
[Round "5.10"]
[White "Nguyen, Thai Dai Vinh"]
[Black "Husa, Daniel"]
[Result "1-0"]
[WhiteElo "2018"]
[BlackElo "1814"]
[Annotator "ChessBase"]
[PlyCount "59"]
[EventDate "2020.03.07"]
[EventCountry "CZE"]
[SourceTitle "playchess.com"]
[Source "ChessBase"]
[SourceQuality "1"]
[TimeControl "5400+30"]

1. e4 {[%emt 0:00:00]} c5 {[%emt 0:00:00]} 2. Nf3 {[%emt 0:00:00]} e6 {[%emt 0:00:00]} 3. d4 {[%emt 0:00:00]} cxd4 {[%emt 0:00:00]} 4. Nxd4 {[%emt 0:00:00]} Nf6 {[%emt 0:00:00]} 5. Nc3 {[%emt 0:00:00]} Nc6 {[%emt 0:00:00]} 6. Nxc6 {[%emt 0:01:05]} bxc6 {[%emt 0:00:00]} 7. e5 {[%emt 0:00:03]} Nd5 {[%emt 0:00:00]} 8. Ne4 {[%emt 0:00:02]} Qc7 {[%emt 0:00:07]} 9. f4 {[%emt 0:00:04]} Qb6 {[%emt 0:00:04]} 10. c4 {[%emt 0:00:04]} Bb4+ {[%emt 0:00:03]} 11. Ke2 {[%emt 0:00:03]} f5 {[%emt 0:00:37]} 12. exf6 {[%emt 0:00:05]} Nxf6 {[%emt 0:00:22]} 13. Be3 {[%emt 0:00:05]} Qd8 {[%emt 0:01:15]} 14. Nd6+ {[%emt 0:00:04]} Bxd6 {[%emt 0:00:11]} 15. Qxd6 {[%emt 0:00:05]} Bb7 {[%emt 0:01:01]} 16. Rd1 {[%emt 0:00:04]} Rc8 {[%emt 0:01:05]} 17. g4 {[%emt 0:00:08]} c5 {[%emt 0:00:42]} 18. Rg1 {[%emt 0:00:05]} Rc6 {[%emt 0:01:04]} 19. Qe5 {[%emt 0:03:08]} O-O {[%emt 0:06:27]} 20. g5 {[%emt 0:00:11]} Nh5 {[%emt 0:01:24]} 21. Bh3 {[%emt 0:00:08]} d6 {[%emt 0:02:42]} 22. Bxe6+ {[%emt 0:00:06]} Kh8 {[%emt 0:00:19]} 23. Qc3 {[%emt 0:00:12]} Nxf4+ {[%emt 0:03:19]} 24. Bxf4 {[%emt 0:00:04]} Rxf4 {[%emt 0:00:08]} 25. Rdf1 {[%emt 0:01:21]} Rxf1 {[%emt 0:37:00]} 26. Rxf1 {[%emt 0:02:20]} Qe8 {[%emt 0:03:05]} 27. Kd2 {[%emt 0:16:10]} Rc7 {[%emt 0:02:55]} 28. Qg3 {[%emt 0:04:45]} Qe7 {[%emt 0:21:07]} 29. g6 {[%emt 0:29:02]} Bc8 {[%emt 0:04:53]} 30. Qh4 {[%emt 0:00:45]} 1-0

[Event "CZE-ch FIDE Open 2020"]
[Site "Kouty nad Desnou"]
[Date "2020.03.10"]
[Round "5.11"]
[White "Klubal, Jiri"]
[Black "Volaninova, Sarka"]
[Result "1/2-1/2"]
[WhiteElo "1935"]
[BlackElo "1689"]
[Annotator "TA"]
[PlyCount "132"]
[EventDate "2020.03.07"]
[EventCountry "CZE"]
[SourceTitle "playchess.com"]
[Source "ChessBase"]
[SourceQuality "1"]

{[%evp 12,132,10,8,9,9,13,5,18,15,20,18,12,0,20,26,38,16,45,47,89,62,100,99,102,102,100,108,112,122,161,169,166,159,161,120,131,61,63,22,99,34,82,0,1,0,8,0,0,0,33,-101,-86,-100,-106,-83,-97,-97,-108,-232,-204,-225,-241,-559,-554,-771,-714,-12835,-12835,-12836,-12836,-12837,-12835,-12839,-12839,-12840,-12839,-12839,-12839,-12840,-12838,-12838,-12836,-12837,-12837,-12837,-12838,-12837,-239,-240,-252,-269,-154,-154,-154,-154,-154,-154,-154,-154,-154,-154,0,-154,0,0,0,0,0,0,0,0,0,0,0,0,0,0,0,0,0,0,0]} 1. e4 c5 2. Nf3 Nc6 3. c4 e5 4. Nc3 Nf6 5. Be2 d6 6. O-O Be7 7. a3 O-O {A34: Symmetrical English: 2 Nc3, lines with ...d5.} 8. d3 h6 9. Bd2 {[#]} a5 $146 ({Predecessor:} 9... a6 10. Nd5 Nxd5 11. cxd5 Nb8 12. b4 b6 13. Bc3 Nd7 14. Nd2 cxb4 15. axb4 a5 16. bxa5 bxa5 {0-1 (39) Alvarez,R-Vazquez,F Asturias 1995}) 10. Ne1 Be6 11. f4 exf4 12. Bxf4 Nd4 13. Nf3 Nxf3+ 14. Bxf3 Qd7 15. Qe1 Rfe8 16. Bd1 {Ba4 is the strong threat.} Qc8 17. Qg3 {Hoping for Bxh6.} Kh8 18. Bxd6 Bxd6 19. Qxd6 Nd7 20. Ba4 Ra6 21. Qg3 Rd8 22. Bb5 Ra7 23. Bxd7 Qxd7 24. Nd5 (24. Rf3 $16) 24... b5 $14 25. b3 Rb7 (25... a4 $11) 26. Qe3 (26. a4 $16 bxc4 27. dxc4 (27. bxc4 Rb3 $16)) 26... Qc6 27. Rfb1 (27. a4 $16 bxc4 28. dxc4 (28. bxc4 Rdb8 $16)) 27... Rdb8 $11 28. Qc1 f5 29. Qc2 fxe4 30. dxe4 Qa6 31. a4 (31. cxb5 $14 {keeps the upper hand.} Qxb5 32. Rd1) 31... bxc4 $17 32. bxc4 Rxb1+ 33. Rxb1 Rxb1+ 34. Qxb1 Qxc4 {[%mdl 64] [#] Double Attack} 35. Nf4 (35. Qb8+ $17 {is the only way for White.} Bg8 36. Qe8) 35... Bf7 36. h3 Qxa4 37. Kh2 $2 (37. Qb7 {is a better chance.} Kg8 38. Qa8+ Kh7 39. Kh2) 37... Qb4 $19 38. Qc1 Qxe4 39. Qd2 a4 {[%cal Ba5a4,Ba4a3,Ba3a2][%mdl 32]} 40. Ne2 a3 41. Nc3 Qd4 42. Qc1 a2 43. Qe1 Qb4 44. Qc1 Qa5 45. Qa1 Qa3 46. Kg1 Kh7 47. Kh2 Qb3 48. Qc1 Bg6 49. Qa1 Qb1 $2 (49... Qb8+ 50. Kg1 Qb1+ 51. Nxb1 axb1=Q+ 52. Qxb1 Bxb1) 50. Qxa2 Qxa2 51. Nxa2 {[%mdl 4096] Endgame KB-KN} c4 ({Black should try} 51... Bf7 $19 52. Nc3 Kg6) 52. Kg3 Bf7 53. Kf4 Kg6 54. Nc3 Kf6 55. h4 h5 56. g3 g6 $2 (56... Ke6 $17 57. Ne2 Kd6) 57. Nb5 $2 (57. Ke4 $1 $11) 57... Ke6 $2 (57... Be6 $17 58. Nd6 Bd5) 58. Ke4 $11 {The position is equal.} Kd7 59. Kd4 Kc6 60. Na3 {[#]} c3 $1 {[%mdl 512]} 61. Kxc3 Kd5 {White must now prevent ...Ke4.} 62. Kd3 Ke5 63. Ke3 Bd5 64. Nb5 Kf5 65. Nd4+ Kg4 66. Kf2 Bc4 {Never resign too early! Accuracy: White = 63%, Black = 76%.} 1/2-1/2